000
00264nam a2200109 a 4500
005
20200929163915.0
008
100122s2006 000 spa d
020
_a
9780978625108
245
0
_a
Erzulie's skirt.
260
_a
Washington, DC,
_c
2006.
999
_c
14401
_d
14401
040
_a
DO-SdBNP